| 000 | 00000nam##2200000za#4500 |
| 001 | 9.699877 |
| 003 | CaOODSP |
| 005 | 20220125145842 |
| 007 | cr ||||||||||| |
| 008 | 150407|2014||||xxc|||||o f|0| 0 eng|d |
| 020 | |a978-1-100-24997-1 |
| 040 | |aCaOODSP|beng |
| 043 | |an-cn--- |
| 086 | 1 |aD2-336/2014E-PDF |
| 110 | 1 |aCanada. |bDepartment of National Defence. |
| 245 | 10|aAdaptive leadership in the military context : |h[electronic resource]|binternational perspectives / |cedited by Lieutenant-Colonel Douglas Lindsay, PhD & Commander Dave Woycheshin, PhD. |
| 260 | |aKingston - Ontario : |bNational Defence |cc2014. |
| 300 | |a200p.|bfigs., glossary, references, tables, index |
| 590 | |a15-11|b2015-03-13 |
| 690 | 07|aArmed forces|2gcpds |
| 690 | 07|aLeadership|2gcpds |
| 776 | 0#|tAdaptive leadership in the military context : |w(CaOODSP)9.652815 |
| 856 | 40|ahttp://publications.gc.ca|qPDF|s2043 KB|uhttps://publications.gc.ca/collections/collection_2015/mdn-dnd/D2-336-2014-eng.pdf |